000 00804cad a22002055a 4500
001 L150074
008 100601s2010 xxk f 000 0 eng d
035 _a(Sirsi) u150074
041 0 _aeng
050 0 4 _a690.22 $1 8
110 2 _aRICS Building Control Professional Group
_bRoyal Institution of Chartered Surveyors
_95853
245 0 0 _aDangerous Structures
_bBuilding Act 1984, section 77
_h[electronic resource]
260 _aLondon
_bRICS
_c2010
520 _aGuidance on dangerous structures from the RICS Building Control Professional Group; legislation
590 _aKA NTK
651 4 _aENGLAND AND WALES
690 _aRefurbishment
_96264
856 4 8 _uhttps://www.rics.org/site/download_feed.aspx?fileID=6560&fileExtension=PDF
_zView the website free of charge at www.rics.org
942 _n0
999 _c110721
_d110721